logo

Bir Sreshtho Munshi Abdur Rouf Library
Jhenaidah Cadet College

Shakespearean tragedy : (Record no. 9984)

MARC details
000 -LEADER
fixed length control field 00968nam a2200313 a 4500
001 - CONTROL NUMBER
JCCL Control Number 9984
003 - CONTROL NUMBER IDENTIFIER
JCCL marc code BD - JhCC
005 - DATE AND TIME OF LATEST TRANSACTION
control field 20180404165316.0
008 - FIXED-LENGTH DATA ELEMENTS--GENERAL INFORMATION
fixed length control field 180404r19851905enk 001 0 eng d
020 ## - INTERNATIONAL STANDARD BOOK NUMBER
International Standard Book Number 0333387732 (cased)
020 ## - INTERNATIONAL STANDARD BOOK NUMBER
International Standard Book Number 0333387740 (pbk)
035 ## - SYSTEM CONTROL NUMBER
system control number (OCoLC)12475926
-- (BD - JhCC)9984
040 ## - CATALOGING SOURCE
Original cataloging agency UKM
Transcribing agency UKM
Modifying agency BD-JhCC
041 ## - LANGUAGE CODE
Language code of Book eng
050 14 - LIBRARY OF CONGRESS CALL NUMBER
Classification number PR2983
082 ## - DEWEY DECIMAL CLASSIFICATION NUMBER
Author mark and Year BRA 1985
Classification number 822.33
100 1# - MAIN ENTRY--PERSONAL NAME
Personal name Bradley, A. C.
Fuller form of name (Andrew Cecil),
Dates associated with a name 1851-1935.
245 10 - TITLE STATEMENT
Title Shakespearean tragedy :
Remainder of title lectures on Hamlet, Othello, King Lear, Macbeth /
Statement of responsibility, etc A.C. Bradley ; new introduction by John Russell Brown.
250 ## - EDITION STATEMENT
Edition statement 2nd ed.
260 ## - PUBLICATION, DISTRIBUTION, ETC. (IMPRINT)
Place of publication, distribution, etc Basingstoke :
Name of publisher, distributor, etc Macmillan,
Date of publication, distribution, etc 1985.
300 ## - PHYSICAL DESCRIPTION
Pagination xxvii, 432 p. ;
Dimensions 22 cm.
500 ## - GENERAL NOTE
General note Originally published: 1905.
500 ## - GENERAL NOTE
General note Includes index.
600 10 - SUBJECT ADDED ENTRY--PERSONAL NAME
Personal name Shakespeare, William,
Dates associated with a name 1564-1616
General subdivision Tragedies.
650 ## - SUBJECT ADDED ENTRY--TOPICAL TERM
Topical term or geographic name as entry element Tragedy
650 ## - SUBJECT ADDED ENTRY--TOPICAL TERM
Topical term or geographic name as entry element English drama (Tragedy)
942 ## - ADDED ENTRY ELEMENTS (KOHA)
Source of classification or shelving scheme Dewey Decimal Classification
Koha item type Books
Holdings
Source of classification or shelving scheme Damaged status Not for loan Home library Current library Shelving location Date of accession Total Checkouts Full call number Barcode Date last seen Date checked out Copy number Koha item type
Dewey Decimal Classification     JCC Rouf Library JCC Rouf Library General Stacks 04/04/2018 1 822.33 BRA 1985 13061 11/17/2024 11/09/2024 C-1 Books

JCC Library | Contacts | JCC Home

Last Update on 23 September 2017
Copyright @ 2017-2020 JCC Rouf Library
Rouf Library, Jhenidah Cadet College (JCC), Bangladesh